<?xml version="1.0" encoding="UTF-8"?>
<record
    xmlns:xsi="http://www.w3.org/2001/XMLSchema-instance"
    xsi:schemaLocation="http://www.loc.gov/MARC21/slim http://www.loc.gov/standards/marcxml/schema/MARC21slim.xsd"
    xmlns="http://www.loc.gov/MARC21/slim">

  <leader>03757nam a2200577Ia 4500</leader>
  <controlfield tag="001">4042</controlfield>
  <controlfield tag="008">241029s9999    xx            000 0 und d</controlfield>
  <datafield tag="010" ind1=" " ind2=" ">
    <subfield code="a">3794</subfield>
  </datafield>
  <datafield tag="041" ind1=" " ind2=" ">
    <subfield code="a">Espa&#xF1;ol</subfield>
  </datafield>
  <datafield tag="082" ind1=" " ind2=" ">
    <subfield code="a">NO APLICA</subfield>
  </datafield>
  <datafield tag="245" ind1=" " ind2="0">
    <subfield code="a">Gesti&#xF3;n del director en la dimensi&#xF3;n administrativa y pedag&#xF3;gica en el Instituto Tecnol&#xF3;gico  M&#xE9;xico Vespertino y el Liceo Secundario Vespertino La Esperanza. A&#xF1;o Escolar 2013-2014</subfield>
  </datafield>
  <datafield tag="260" ind1=" " ind2=" ">
    <subfield code="a">Santiago</subfield>
  </datafield>
  <datafield tag="300" ind1=" " ind2=" ">
    <subfield code="a">127</subfield>
  </datafield>
  <datafield tag="520" ind1=" " ind2=" ">
    <subfield code="a">5</subfield>
  </datafield>
  <datafield tag="630" ind1=" " ind2=" ">
    <subfield code="a">Actores Educativos</subfield>
  </datafield>
  <datafield tag="630" ind1=" " ind2=" ">
    <subfield code="a">Aptitudes</subfield>
  </datafield>
  <datafield tag="630" ind1=" " ind2=" ">
    <subfield code="a">Calidad Educativa</subfield>
  </datafield>
  <datafield tag="630" ind1=" " ind2=" ">
    <subfield code="a">Descentralizaci&#xF3;n</subfield>
  </datafield>
  <datafield tag="630" ind1=" " ind2=" ">
    <subfield code="a">Directores de Escuelas</subfield>
  </datafield>
  <datafield tag="650" ind1=" " ind2=" ">
    <subfield code="a">Gesti&#xF3;n Educativa</subfield>
  </datafield>
  <datafield tag="690" ind1=" " ind2=" ">
    <subfield code="a">Copiado sin cambios</subfield>
  </datafield>
  <datafield tag="700" ind1=" " ind2=" ">
    <subfield code="e">asesor</subfield>
    <subfield code="a">Cabrera, Ceferina</subfield>
  </datafield>
  <datafield tag="700" ind1=" " ind2=" ">
    <subfield code="e">autor</subfield>
    <subfield code="a">N&#xFA;&#xF1;ez Liberata , Rosa Altagracia</subfield>
  </datafield>
  <datafield tag="700" ind1=" " ind2=" ">
    <subfield code="e">autor</subfield>
    <subfield code="a">Cruz Camilo , Ana Siomary </subfield>
  </datafield>
  <datafield tag="901" ind1=" " ind2=" ">
    <subfield code="a">{"1":"N&#xFA;&#xF1;ez Liberata ","2":"Cruz Camilo "}</subfield>
    <subfield code="b">{"1":"Rosa Altagracia","2":"Ana Siomary "}</subfield>
  </datafield>
  <datafield tag="902" ind1=" " ind2=" ">
    <subfield code="a">1</subfield>
  </datafield>
  <datafield tag="903" ind1=" " ind2=" ">
    <subfield code="a">{"1":"Cabrera"}</subfield>
    <subfield code="b">{"1":"Ceferina"}</subfield>
  </datafield>
  <datafield tag="904" ind1=" " ind2=" ">
    <subfield code="a">Mag&#xED;ster en</subfield>
  </datafield>
  <datafield tag="905" ind1=" " ind2=" ">
    <subfield code="a">Administraci&#xF3;n y Gesti&#xF3;n de Centros Educativos</subfield>
  </datafield>
  <datafield tag="906" ind1=" " ind2=" ">
    <subfield code="a">2</subfield>
  </datafield>
  <datafield tag="907" ind1=" " ind2=" ">
    <subfield code="a">NO APLICA</subfield>
  </datafield>
  <datafield tag="908" ind1=" " ind2=" ">
    <subfield code="a">NO APLICA</subfield>
  </datafield>
  <datafield tag="909" ind1=" " ind2=" ">
    <subfield code="a">ISFODOSU, Recinto Emilio Prud'Homme</subfield>
  </datafield>
  <datafield tag="910" ind1=" " ind2=" ">
    <subfield code="a">NULL</subfield>
    <subfield code="b">NULL</subfield>
  </datafield>
  <datafield tag="911" ind1=" " ind2=" ">
    <subfield code="a">["1"]</subfield>
  </datafield>
  <datafield tag="912" ind1=" " ind2=" ">
    <subfield code="a">NO APLICA</subfield>
  </datafield>
  <datafield tag="913" ind1=" " ind2=" ">
    <subfield code="a">NULL</subfield>
  </datafield>
  <datafield tag="914" ind1=" " ind2=" ">
    <subfield code="a">15 de Enero de 2015</subfield>
  </datafield>
  <datafield tag="915" ind1=" " ind2=" ">
    <subfield code="a">18/07/15 04:07</subfield>
  </datafield>
  <datafield tag="916" ind1=" " ind2=" ">
    <subfield code="a">NULL</subfield>
  </datafield>
  <datafield tag="917" ind1=" " ind2=" ">
    <subfield code="a">NULL</subfield>
  </datafield>
  <datafield tag="918" ind1=" " ind2=" ">
    <subfield code="a">NO APLICA</subfield>
  </datafield>
  <datafield tag="919" ind1=" " ind2=" ">
    <subfield code="a">["7","22","29","61","66"]</subfield>
  </datafield>
  <datafield tag="520" ind1=" " ind2=" ">
    <subfield code="a">La presente &#xA0;investigaci&#xF3;n contempl&#xF3; como prop&#xF3;sito analizar la gesti&#xF3;n del director en las dimensiones Administrativa y Pedag&#xF3;gica en el Instituto Tecnol&#xF3;gico &#xA0;M&#xE9;xico vespertino y el Liceo Secundario Vespertino La Esperanza. En&#xA0;&#xE9;sta se tomaron en cuenta los&#xA0;objetivos, las variables e indicadores que pudieron facilitar o dificultar el proceso. Los objetivos en esta investigaci&#xF3;n fueron encaminados a determinar en que medida el director asume el liderazgo en el funcionamiento de la organizaci&#xF3;n, evaluar los medios utilizados para trabajar la dimensi&#xF3;n pedag&#xF3;gica, c&#xF3;mo el clima organizacional favorece la dimensi&#xF3;n efectiva e identificar las estrategias usadas en el desarrollo de la dimensi&#xF3;n administrativa.Esta investigaci&#xF3;n tuvo un enfoque cuantitativo, descriptivo, correlacional o explorativo y comparativo ya que los planteamientos a investigar fueron espec&#xED;ficos y delimitados, recolectan datos sobre diferentes variables y explican el porqu&#xE9;&#xA0;del problema, causa, consecuencias &#xA0;y contrastaron los resultados. Las t&#xE9;cnicas e instrumentos que se utilizaron fueron la entrevista, la observaci&#xF3;n y la lista de cotejos, con los cuales se recolect&#xF3; la informaci&#xF3;n en esta investigaci&#xF3;n.&#xA0;Los resultados del estudio mostraron que el por ciento mayor de subdirector, coordinador, orientadores y maestros encuestados, relacionado a que si el director proporciona &#xA0;direccionalidad al trabajo pedag&#xF3;gico &#xA0;y administrativa de forma equitativa, el 71.9% respondi&#xF3; que siempre el 15.6% respondi&#xF3; que a veces y el 12.5% nunca; en el liceo secundario vespertino La Esperanza afirmaron que el 62.2% respondi&#xF3; siempre y 30.8% a veces, en el Instituto Tecnol&#xF3;gico M&#xE9;xico la principal recomendaci&#xF3;n estuvo dirigida a las autoridades directivas y maestros y se refiere a que organicen equipos de trabajos para que puedan delegar ciertas funciones y cada cierto tiempo se realicen rendiciones de cuentas de la situaci&#xF3;n encontrada en las diferentes &#xE1;reas, para definir nuevas estrategias encaminadas a incorporar mejoras en las dimensiones administrativas y pedag&#xF3;gicas.&#xA0;</subfield>
  </datafield>
  <datafield tag="921" ind1=" " ind2=" ">
    <subfield code="a">11</subfield>
  </datafield>
  <datafield tag="922" ind1=" " ind2=" ">
    <subfield code="a">11</subfield>
  </datafield>
  <datafield tag="923" ind1=" " ind2=" ">
    <subfield code="a">0</subfield>
  </datafield>
  <datafield tag="924" ind1=" " ind2=" ">
    <subfield code="a">NO APLICA</subfield>
  </datafield>
  <datafield tag="942" ind1=" " ind2=" ">
    <subfield code="c">Tesis</subfield>
  </datafield>
  <datafield tag="999" ind1=" " ind2=" ">
    <subfield code="c">3794</subfield>
    <subfield code="d">3794</subfield>
  </datafield>
</record>
